Obálka
Pro půjčování e-knih musíte být přihlášeni.
Jak si půjčit online?

Dokonalé městečko /

Hororový příběh české autorky. Bydlet ve vysněné lokalitě nemusí být taková výhra, jak by se zdálo...

Uloženo v:
Hlavní autor: Karolová, Kateřina, 1981- (Autor)
Další autoři: Tabery, Jakub, 1974- (Autor), Nejedlá, Eliška, 1996- (Režisér)
Médium: E-audiokniha
Jazyk:Czech
Vydáno: Praha : Voxi, 2024
Témata:
Tagy:
Žádné tagy
LEADER 05663nim a2201297 i 4500
001 313278
003 CZ PrSKC
005 20260601215739.0
007 sd fungnnmmned
008 240906t20242024xr nnnng f n cze
015 |a cnb003630785 
024 3 |a 8594050438316 
040 |a ABA001  |b cze  |e rda 
072 7 |a 821.162.3-3  |x Česká próza  |2 Konspekt 
080 |a 821.162.3-31  |2 MRF 
080 |a (0:82-312.4)  |2 MRF 
080 |a (086.7)08  |2 MRF 
080 |a (086.76)  |2 MRF 
100 1 |a Karolová, Kateřina,  |d 1981-  |7 ola20201067556  |4 aut 
245 1 0 |a Dokonalé městečko /  |c Kateřina Karolová 
264 1 |a Praha :  |b Voxi,  |c 2024 
264 4 |c ©2024 
300 |a 1 audiodisk (6 hod., 29 min.) ;  |c 12 cm 
306 |a 062900 
336 |a mluvené slovo  |b spw  |2 rdacontent 
337 |a audio  |b s  |2 rdamedia 
338 |a audiodisk  |b sd  |2 rdacarrier 
344 |a digital  |b optical  |2 rda 
347 |a audio soubor  |b MP3  |2 rda 
500 |a Název z disku 
500 |a Copyright Albatros Media 
500 |a Podle stejnojmenné knihy vydané nakladatelstvím XYZ v roce 2024 
508 |a Režie Jakub Tabery 
511 0 |a Čte Eliška Nejedlá 
520 2 |a Hororový příběh české autorky. Bydlet ve vysněné lokalitě nemusí být taková výhra, jak by se zdálo...  |b Když se Emě naskytne možnost bydlet v městečku vytvořeném pro hrstku vyvolených, zdá se, že se jí splnil životní sen. Každý však musí nejdřív projít přísným výběrovým řízením, podepsat smlouvu a dodržet pár zvláštních pravidel. A pak už je k dispozici vše, co si jen člověk může přát. Kdo by odolal? Po příjezdu na místo se však objeví řada znepokojivých událostí. Pod maskou dokonalosti a zářivých úsměvů se skrývá podivné tajemství. A odhalit celou pravdu se nevyplácí. Nakladatelská anotace. 
655 7 |a české romány  |7 fd133974  |2 czenas 
655 7 |a thrillery (romány)  |7 fd184206  |2 czenas 
655 7 |a audioknihy  |7 fd119452  |2 czenas 
655 7 |a kompaktní disky  |7 fd201991  |2 czenas 
655 9 |a Czech fiction  |2 eczenas 
655 9 |a thrillers (novels)  |2 eczenas 
655 9 |a audiobooks  |2 eczenas 
655 9 |a compact discs  |2 eczenas 
700 1 |a Tabery, Jakub,  |d 1974-  |7 xx0196999  |4 drt 
700 1 |a Nejedlá, Eliška,  |d 1996-  |7 xx0319449  |4 nrt 
900 |a ABA001  |b 19 
044 |a xr 
505 0 0 |t 00_Úvod (1 min., 42 sek.) 
505 0 0 |t 01_Já: Kapitola 1 (6 min., 32 sek.) 
505 0 0 |t 02_Kapitola 2 (6 min., 17 sek.) 
505 0 0 |t 03_Kapitola 3 (5 min., 34 sek.) 
505 0 0 |t 04_Kapitola 4 (8 min., 35 sek.) 
505 0 0 |t 05_Kapitola 5 (8 min., 56 sek.) 
505 0 0 |t 06_Kapitola 6 (8 min., 26 sek.) 
505 0 0 |t 07_Kapitola 7 (6 min., 56 sek.) 
505 0 0 |t 08_Kapitola 8 (7 min., 4 sek.) 
505 0 0 |t 09_Kapitola 9 (6 min., 14 sek.) 
505 0 0 |t 10_Kapitola 10 (6 min., 22 sek.) 
505 0 0 |t 11_Kapitola 11 (6 min., 18 sek.) 
505 0 0 |t 12_Kapitola 12 (6 min., 25 sek.) 
505 0 0 |t 13_Kapitola 13 (5 min., 30 sek.) 
505 0 0 |t 14_Oni (20 min., 27 sek.) 
505 0 0 |t 15_Já: Kapitola 14 (4 min., 12 sek.) 
505 0 0 |t 16_Kapitola 15 (4 min., 12 sek.) 
505 0 0 |t 17_Kapitola 16 (6 min., 37 sek.) 
505 0 0 |t 18_Kapitola 17 (3 min., 52 sek.) 
505 0 0 |t 19_Kapitola 18 (6 min., 34 sek.) 
505 0 0 |t 20_Kapitola 19 (5 min., 32 sek.) 
505 0 0 |t 21_Kapitola 20 (3 min., 56 sek.) 
505 0 0 |t 22_Kapitola 21 (6 min., 16 sek.) 
505 0 0 |t 23_Kapitola 22 (6 min., 14 sek.) 
505 0 0 |t 24_Kapitola 23 (2 min., 50 sek.) 
505 0 0 |t 25_Kapitola 24 (7 min., 10 sek.) 
505 0 0 |t 26_Kapitola 25 (4 min., 44 sek.) 
505 0 0 |t 27_Kapitola 26 (3 min., 53 sek.) 
505 0 0 |t 28_Kapitola 27 (6 min., 3 sek.) 
505 0 0 |t 29_Kapitola 28 (5 min., 28 sek.) 
505 0 0 |t 30_Kapitola 29 (6 min., 49 sek.) 
505 0 0 |t 31_Kapitola 30 (2 min., 58 sek.) 
505 0 0 |t 32_Kapitola 31 (5 min., 30 sek.) 
505 0 0 |t 33_Kapitola 32 (5 min., 52 sek.) 
505 0 0 |t 34_Kapitola 33 (11 min., 5 sek.) 
505 0 0 |t 35_Kapitola 34 (2 min., 41 sek.) 
505 0 0 |t 36_Kapitola 35 (5 min., 1 sek.) 
505 0 0 |t 37_Kapitola 36 (8 min., 6 sek.) 
505 0 0 |t 38_Kapitola 37 (5 min., 4 sek.) 
505 0 0 |t 39_Kapitola 38 (6 min., 14 sek.) 
505 0 0 |t 40_Kapitola 39 (5 min., 32 sek.) 
505 0 0 |t 41_Kapitola 40 (6 min., 30 sek.) 
505 0 0 |t 42_Kapitola 41 (5 min., 23 sek.) 
505 0 0 |t 43_Kapitola 42 (4 min., 53 sek.) 
505 0 0 |t 44_Kapitola 43 (7 min., 38 sek.) 
505 0 0 |t 45_Kapitola 44 (4 min., 26 sek.) 
505 0 0 |t 46_Kapitola 45 (6 min., 19 sek.) 
505 0 0 |t 47_Oni (18 min., 21 sek.) 
505 0 0 |t 48_Já: Kapitola 46 (5 min., 23 sek.) 
505 0 0 |t 49_Kapitola 47 (6 min., 1 sek.) 
505 0 0 |t 50_Kapitola 48 (4 min., 19 sek.) 
505 0 0 |t 51_Kapitola 49 (5 min., 22 sek.) 
505 0 0 |t 52_Kapitola 50 (5 min., 16 sek.) 
505 0 0 |t 53_Oni (13 min., 42 sek.) 
505 0 0 |t 54_Já: Kapitola 51 (3 min., 34 sek.) 
505 0 0 |t 55_Kapitola 52 (3 min., 37 sek.) 
505 0 0 |t 56_Kapitola 53 (6 min., 33 sek.) 
505 0 0 |t 57_Kapitola 54 (3 min., 8 sek.) 
505 0 0 |t 58_Oni (18 min., 59 sek.) 
505 0 0 |t 59_Epilog (2 min., 23 sek.) 
505 0 0 |t 60_O půl roku později (3 min., 4 sek.) 
910 |a RBIT002 
998 |d 401882  |a https://core.palmknihy.cz/api/books/401882/cover?shcg5q  |b https://core.palmknihy.cz/api/books/401882/cover/400?shcg5q  |c https://core.palmknihy.cz/api/books/401882/cover/50?shcg5q  |e 2034-12-31  |i 8594050438316  |l 23340  |q 49  |r 1  |s https://www.palmknihy.cz/kniha/401882  |t audiobook  |y 2024  |z 0 
999 |d 313276